|
|
|
|
| LEADER |
00000cam a2200000 7i4500 |
| 001 |
0000029366 |
| 005 |
20251128.0 |
| 008 |
210924 my a eng |
| 040 |
|
|
|a INS
|b eng
|c INS
|e rda
|
| 090 |
0 |
0 |
|a IP74
|
| 100 |
1 |
|
|a Halimatun Muhamad, ,
|e author.
|
| 245 |
1 |
0 |
|a Desa Budiman @ Sg Long, Selangor
|c Halimatun Muhamad, Lieyana Aripin, Mohd Aidil Halim Othman, Nurul Nazuha Arrifin
|
| 264 |
|
0 |
|c 2021
|
| 300 |
|
|
|a 1 volume ( various pagings ) :
|b illustration, colour, picture ;
|c 30 cm.
|
| 336 |
|
|
|a text
|2 rdacontent
|
| 337 |
|
|
|a unmediated
|2 rdamedia
|
| 338 |
|
|
|a volume
|2 rdacarrier
|
| 500 |
|
|
|a Integrated Project
|
| 500 |
|
|
|a Laporan disediakan bagi memenuhi keperluan untuk dianugerahkan Sijil Agensi Harta Tanah dari Institut Penilaian Negara
|
| 650 |
|
0 |
|a Housing
|x Marketing
|
| 650 |
|
0 |
|a Real estate agents
|
| 700 |
1 |
|
|a Lieyana Aripin, ,
|e author.
|
| 700 |
1 |
|
|a Mohd Aidil Halim Othman, ,
|e author.
|
| 700 |
1 |
|
|a Nurul Nazuha Arrifin, ,
|e author.
|
| 999 |
|
|
|a IP00000080
|b BOOK
|c Thesis
|e Default branch
|